Statistics for Luxembourg City: Tram stations

Click here to take the quiz!

General Stats

  • This quiz has been taken 24 times
    (17 since last reset)
  • The average score is 11 of 17

Answer Stats

Tram Station% Correct
Gare centrale
100%
Hamilius
100%
Luxexpo
100%
Paräisserplaz
75%
Stäreplaz
75%
Philharmonie - Mudam
67%
Theater
67%
Universitéit
67%
Coque
58%
Leschte Steiwer
58%
Nationalbibliothéik
58%
Place de Metz
58%
Rout Bréck - Pafendall
58%
Faïencerie
50%
Lycée Bouneweg
50%
Alphonse Weicker
42%
Europaparlament
33%

Score Distribution

Percentile by Number Answered

Percent of People with Each Score

Your Score History

You have not taken this quiz since the last reset